00801nam a2200193 a 4500003000200000005001700002008004100019050003400060100003100094245011200125260009200237300004000329504004100369650002900410650003100439650003900470650004400509650005400553020250415133141.0970101s19uu xx 00 eng d aPGS PN 1992.8.C36b.C539 2004 aChing, Charles Miguel Gan. aThe effect of watching cartoons to selected students from grade 3 to 6 of SISC /cCharles Miguel Gan Ching. aLas Piñas City, Philippines : bSouthville International School and Colleges,c2004. a27 pages :billustrations ;c28 cm. aIncludes bibliographical references. aCartoons and children.  aTelevision and children.  aChildrenvEffect of television on. aCartoon filmsvPsychological aspects.  aAcademic achievement—vInfluence of television.